[Event "17eme open Louviers"]
[Site "?"]
[Date "2013.11.11"]
[Round "6"]
[White "Rousselin, Marc"]
[Black "Boursier, Xavier"]
[Result "0-1"]
[WhiteElo "1628"]
[BlackElo "2019"]
[PlyCount "58"]
[EventDate "2012.05.13"]
[SourceDate "2013.12.01"]

1. e4 c5 2. Nf3 Nc6 3. d4 cxd4 4. Nxd4 g6 5. Nc3 Bg7 6. Be3 Nf6 7. Bc4 O-O 8.
Bb3 a5 9. f3 d5 10. exd5 Nb4 11. Qd2 Nbxd5 12. Nxd5 Nxd5 13. Bf2 a4 14. Bxd5
Qxd5 15. O-O e5 16. Nb3 Qxd2 17. Nxd2 e4 18. Rab1 exf3 19. Nxf3 Rd8 20. Bb6 Rd6
21. Bc5 Rc6 22. Bd4 Rxc2 23. Bxg7 Kxg7 24. Ng5 f6 25. Ne4 Be6 26. Nc3 a3 27.
Rf2 Rxf2 28. Kxf2 Rc8 29. Na4 Bxa2 0-1

[Event "17eme open Louviers"]
[Site "?"]
[Date "2013.11.11"]
[Round "6"]
[White "Josse, Sebastien"]
[Black "Duverne, Jean-Marie"]
[Result "0-1"]
[WhiteElo "1784"]
[BlackElo "2102"]
[PlyCount "73"]
[EventDate "2012.05.13"]
[SourceDate "2013.12.01"]

1. d4 d6 2. c4 Nf6 3. Nf3 g6 4. Nc3 Bg7 5. g3 O-O 6. Bg2 Nbd7 7. O-O e5 8. e4
c6 9. h3 Re8 10. Be3 exd4 11. Nxd4 Nc5 12. Qc2 a5 13. Rad1 Qe7 14. Rfe1 Bd7 15.
Bg5 h6 16. Bc1 Rad8 17. Kh2 g5 18. Nb3 Nxb3 19. axb3 Bc8 20. Be3 Nd7 21. Na4
Qf6 22. Qd2 Ne5 23. f4 gxf4 24. Bxf4 Qg6 25. Qe2 h5 26. Be3 Nd7 27. Rf1 Be5 28.
Bf4 Kg7 29. Bf3 Nf6 30. Rg1 Kh7 31. Rg2 d5 32. cxd5 cxd5 33. Bxe5 Rxe5 34. Nc5
Rde8 35. Qb5 dxe4 36. Be2 Qg5 37. Rc1 0-1

[Event "17eme open Louviers"]
[Site "?"]
[Date "2013.11.11"]
[Round "6"]
[White "Garcia, Adrien"]
[Black "Abdat, Rachid"]
[Result "0-1"]
[WhiteElo "1785"]
[BlackElo "1926"]
[PlyCount "80"]
[EventDate "2012.05.13"]
[SourceDate "2013.12.01"]

1. Nf3 e6 2. d4 d5 3. e3 Nf6 4. Bd3 Bd6 5. O-O Nbd7 6. Nbd2 c5 7. c3 Qc7 8. Re1
O-O 9. dxc5 Nxc5 10. Bc2 Nce4 11. h3 b6 12. Nd4 a6 13. Nxe4 dxe4 14. Qe2 e5 15.
Nb3 Bb7 16. Nd2 Rfd8 17. c4 Rac8 18. b3 Bb4 19. a3 Bc3 20. Rb1 b5 21. Rd1 b4
22. axb4 Bxb4 23. Bb2 g6 24. Nf1 Nd7 25. Qg4 f5 26. Qg3 Re8 27. f3 Nf6 28. Qh4
Be7 29. f4 Nh5 30. Qf2 exf4 31. exf4 Qxf4 32. Qe2 Ng3 33. Nxg3 Qxg3 34. Bd4 Bd6
35. b4 e3 36. Kf1 f4 37. c5 f3 38. Bb3+ Kf8 39. Bg7+ Kxg7 40. Qb2+ Be5 0-1

[Event "17eme open Louviers"]
[Site "?"]
[Date "2013.11.11"]
[Round "6"]
[White "Dunand, Damien"]
[Black "Andrieu, Philippe"]
[Result "0-1"]
[WhiteElo "1725"]
[BlackElo "1891"]
[PlyCount "60"]
[EventDate "2012.05.13"]
[SourceDate "2013.12.01"]

1. c4 e5 2. g3 Nf6 3. Bg2 Bc5 4. Nc3 Nc6 5. e3 O-O 6. Nge2 Re8 7. O-O d6 8. d4
exd4 9. exd4 Bb6 10. Be3 Bg4 11. Qd2 Ba5 12. a3 Bxe2 13. Qxe2 Nxd4 14. Qd3 Bxc3
15. Bxd4 Bxd4 16. Qxd4 Re7 17. Bxb7 c5 18. Qc3 Rxb7 19. Rad1 Rab8 20. Rb1 Rb3
21. Qd2 Ne4 22. Qf4 Ng5 23. Qc1 Nf3+ 24. Kg2 Qf6 25. Rd1 Rxb2 26. Rxb2 Rxb2 27.
Rxd6 Ne1+ 28. Qxe1 Qxd6 29. Qe8+ Qf8 30. Qd7 Qa8+ 0-1

[Event "17eme open Louviers"]
[Site "?"]
[Date "2013.11.11"]
[Round "6"]
[White "Burdet, Francois"]
[Black "Ababsa, Tufek"]
[Result "1-0"]
[WhiteElo "1952"]
[BlackElo "1722"]
[PlyCount "113"]
[EventDate "2012.05.13"]
[SourceDate "2013.12.01"]

1. e4 e6 2. d4 d5 3. Nc3 Bb4 4. e5 c5 5. a3 Ba5 6. f4 c4 7. Qg4 Kf8 8. Bd2 Bd7
9. Nf3 f5 10. Qh3 Nh6 11. Ng5 Nc6 12. Ne2 Nf7 13. c3 Nxg5 14. fxg5 g6 15. Qh6+
Kf7 16. g4 Qf8 17. gxf5 gxf5 18. Qh5+ Kg8 19. Nf4 Qf7 20. Qf3 Kf8 21. Be2 Ke7
22. Qg2 Kd8 23. h4 Ne7 24. O-O-O Kc7 25. Rdg1 b5 26. Bf3 Rab8 27. h5 Bb6 28. g6
hxg6 29. hxg6 Rxh1 30. Rxh1 Qg8 31. g7 Qc8 32. Rh8 Qb7 33. g8=Q Rxg8 34. Rxg8
Nxg8 35. Qxg8 Qc8 36. Qxc8+ Kxc8 37. Bh5 Kd8 38. Bf7 Ke7 39. Bg8 Bd8 40. Ng6+
Ke8 41. Kd1 Bb6 42. Bg5 Bd8 43. Bh6 a5 44. Nf4 b4 45. Bxe6 bxa3 46. Bxd7+ Kxd7
47. e6+ Kd6 48. bxa3 Bf6 49. Bf8+ Kc6 50. e7 Kd7 51. Nxd5 Bxe7 52. Nxe7 Ke8 53.
Nxf5 Kxf8 54. Nd6 Ke7 55. Nxc4 Ke6 56. Nxa5 Kd5 57. Kd2 1-0

[Event "17eme open Louviers"]
[Site "?"]
[Date "2013.11.11"]
[Round "6"]
[White "Blondel, Jean-Michel"]
[Black "Vigneron, Frederic"]
[Result "0-1"]
[WhiteElo "1515"]
[BlackElo "1910"]
[PlyCount "54"]
[EventDate "2012.05.13"]
[SourceDate "2013.12.01"]

1. e4 c5 2. Nf3 Nc6 3. Bc4 e6 4. O-O a6 5. Re1 d6 6. d4 cxd4 7. Nxd4 Nf6 8. Bg5
Be7 9. Nc3 Qc7 10. Bf1 b5 11. Nxc6 Qxc6 12. e5 dxe5 13. Rxe5 b4 14. Nb1 Bb7 15.
Re1 Rd8 16. Qe2 Rd5 17. Bd2 Rh5 18. c3 Bd6 19. f4 g5 20. Qc4 Qd7 21. Be2 Rh4
22. g3 {(=)} gxf4 23. gxh4 Rg8+ 24. Kf2 Ne4+ 25. Kf1 e5 26. Qd3 Nc5 27. Bg4
Qxg4 0-1

[Event "17eme open Louviers"]
[Site "?"]
[Date "2013.11.11"]
[Round "6"]
[White "Arinal, Serge"]
[Black "Bordelet, Arthur"]
[Result "1/2-1/2"]
[WhiteElo "1666"]
[BlackElo "1690"]
[PlyCount "57"]
[EventDate "2012.05.13"]
[SourceDate "2013.12.01"]

1. Nf3 d6 2. c4 Nf6 3. Nc3 Nbd7 4. g3 e5 5. Bg2 Be7 6. O-O c6 7. b3 O-O 8. Bb2
Qc7 9. Ng5 h6 10. Nge4 Nxe4 11. Nxe4 f5 12. Nc3 Nc5 13. b4 Ne6 14. e3 f4 15.
exf4 exf4 16. b5 Ng5 17. gxf4 Rxf4 18. d3 Nh3+ 19. Bxh3 Bxh3 20. Ne2 Rg4+ 21.
Ng3 h5 22. Re1 h4 23. Re4 Rg6 24. Qh5 Rh6 25. Rc1 hxg3 26. Qxh6 gxf2+ 27. Kxf2
Rf8+ 28. Kg3 d5+ 29. Be5 1/2-1/2

[Event "17eme open Louviers"]
[Site "?"]
[Date "2013.11.11"]
[Round "6"]
[White "Julien, Franck"]
[Black "Bailly, Thierry"]
[Result "0-1"]
[WhiteElo "1678"]
[BlackElo "1445"]
[PlyCount "98"]
[EventDate "2012.05.13"]
[SourceDate "2013.12.01"]

1. d4 c6 2. c4 d5 3. e3 Bf5 4. Nc3 Nf6 5. Bd3 Bxd3 6. Qxd3 e6 7. Nf3 Nbd7 8.
O-O Rc8 9. b3 c5 10. cxd5 Nxd5 11. Bb2 cxd4 12. Nxd5 exd5 13. Qxd4 Qf6 14. Rac1
Rc6 15. Qxf6 Nxf6 16. Ne5 Rxc1 17. Rxc1 Ke7 18. Rc7+ Ke6 19. Nxf7 Rg8 20. Rxb7
Bc5 21. Ng5+ Kf5 22. Nf3 h6 23. Rb5 Rc8 24. g3 Ke4 25. Kg2 Bxe3 26. Rb4+ Kd3
27. Ne5+ Kc2 28. fxe3 Kxb2 29. a4 Rc3 30. Rb7 Rxe3 31. Nf3 Rxb3 32. Rxa7 Ra3
33. Rxg7 Rxa4 34. Rg6 Ne4 35. Rxh6 Kc3 36. Rh4 Ra2+ 37. Kf1 Rf2+ 38. Ke1 Rxf3
39. Ke2 Rf8 40. g4 d4 41. Rh3+ Kc2 42. Ra3 Rh8 43. h3 Nc3+ 44. Kf2 Rxh3 45. Ra1
d3 46. Kg2 Rh8 47. Rf1 d2 48. Rf2 Kc1 49. Kg3 Ne4+ 0-1

[Event "17eme open Louviers"]
[Site "?"]
[Date "2013.11.11"]
[Round "6"]
[White "Naji, Nil"]
[Black "Lerdu, Gaspard"]
[Result "1-0"]
[WhiteElo "1650"]
[BlackElo "1500"]
[PlyCount "125"]
[EventDate "2012.05.13"]
[SourceDate "2013.12.01"]

1. e4 e5 2. Nf3 Nc6 3. d4 exd4 4. Bc4 Bc5 5. O-O Nf6 6. e5 d5 7. exf6 dxc4 8.
Re1+ Be6 9. Ng5 Qd5 10. Nc3 Qf5 11. Nce4 O-O-O 12. Nxc5 Qxc5 13. Nxe6 fxe6 14.
Rxe6 gxf6 15. Rxf6 Rhf8 16. Rxf8 Rxf8 17. Qg4+ Kb8 18. Bh6 Qf5 19. Qxf5 Rxf5
20. Re1 b6 21. g4 Rd5 22. a3 Ne5 23. Re4 d3 24. cxd3 cxd3 25. Kg2 Nf7 26. Bd2
Nd6 27. Rf4 b5 28. b3 Kb7 29. h4 a5 30. a4 bxa4 31. Rxa4 Kb6 32. f4 Kb5 33.
Rxa5+ Kc6 34. Rxd5 Kxd5 35. Kf3 Kd4 36. f5 c5 37. f6 Ne4 38. Be3+ Ke5 39. f7 d2
40. Bxd2 Nxd2+ 41. Ke2 Nxb3 42. f8=Q Kd4 43. Qf6+ Kc4 44. Qf7+ Kb4 45. Qxh7 c4
46. Kd1 Ka3 47. h5 Kb2 48. Qc2+ Ka3 49. Qxc4 Kb2 50. Qxb3+ Kxb3 51. h6 Kc4 52.
h7 Kd4 53. h8=Q+ Ke4 54. Qf6 Kd5 55. Ke2 Ke4 56. Qf5+ Kd4 57. Kd2 Kc4 58. Qe5
Kb4 59. Kc2 Kc4 60. g5 Kb4 61. Qd5 Ka4 62. Kc3 Ka3 63. Qa5# 1-0

[Event "17eme open Louviers"]
[Site "?"]
[Date "2013.11.11"]
[Round "6"]
[White "Bekkaye, Mohammed"]
[Black "Le Gallic, Yann"]
[Result "0-1"]
[WhiteElo "1499"]
[BlackElo "1619"]
[PlyCount "52"]
[EventDate "2012.05.13"]
[SourceDate "2013.12.01"]

1. d4 Nf6 2. Nf3 g6 3. c4 Bg7 4. Nc3 O-O 5. e4 d6 6. Be2 e5 7. d5 Nbd7 8. O-O
Nc5 9. Qc2 a5 10. b3 Ne8 11. Be3 b6 12. Qd2 f5 13. exf5 gxf5 14. Bh6 f4 15.
Bxg7 Kxg7 16. Qc2 Bf5 17. Qd2 Rg8 18. h4 Kf8 19. h5 Qf6 20. Nh2 Bh3 21. Bf3
Bxg2 22. Bxg2 f3 23. Rfd1 Rxg2+ 24. Kh1 Rxh2+ 25. Kxh2 Qh4+ 26. Kg1 Qg4+ 0-1

[Event "17eme open Louviers"]
[Site "?"]
[Date "2013.11.11"]
[Round "6"]
[White "Langlet, Stephanie"]
[Black "Grenet, Dominique"]
[Result "1/2-1/2"]
[WhiteElo "1590"]
[BlackElo "1480"]
[PlyCount "107"]
[EventDate "2012.05.13"]
[SourceDate "2013.12.01"]

1. e4 e5 2. Nf3 Nf6 3. Bc4 d6 4. Nc3 Bg4 5. O-O Be7 6. d3 Nc6 7. Be3 O-O 8. Qe2
a6 9. Rad1 Nd4 10. Bxd4 exd4 11. Nd5 Nxd5 12. Bxd5 c6 13. Bb3 b5 14. c3 dxc3
15. bxc3 Bf6 16. Rc1 Re8 17. d4 Rc8 18. Qe3 h6 19. Rfe1 d5 20. e5 Bxf3 21. Qxf3
Bg5 22. Rc2 a5 23. a4 bxa4 24. Bxa4 Re6 25. Bb3 Rb8 26. c4 Re7 27. cxd5 Rxb3
28. Qxb3 Qxd5 29. Qxd5 cxd5 30. Rc5 Rd7 31. Re2 a4 32. Ra5 Rc7 33. g3 Rc4 34.
Rxd5 a3 35. Ra2 Bc1 36. Rd8+ Kh7 37. d5 Bb2 38. e6 fxe6 39. dxe6 Re4 40. Rd6
Kg6 41. Kg2 Kf6 42. Kf3 Re1 43. Kg4 Ke7 44. Ra6 Rxe6 45. Rxe6+ Kxe6 46. f4 Kd5
47. Kf5 Kc4 48. h4 Kb3 49. Rxa3+ Kxa3 50. g4 Kb3 51. g5 hxg5 52. hxg5 Kc4 53.
Ke6 Kd3 54. f5 1/2-1/2

[Event "17eme open Louviers"]
[Site "?"]
[Date "2013.11.11"]
[Round "6"]
[White "Jolly, Hugo"]
[Black "Bailly, Yannick"]
[Result "1-0"]
[WhiteElo "1550"]
[BlackElo "1440"]
[PlyCount "84"]
[EventDate "2012.05.13"]
[SourceDate "2013.12.01"]

1. e4 e6 2. Nf3 c5 3. d4 d5 4. exd5 Qxd5 5. Nc3 Qd8 6. Bc4 Nf6 7. O-O Be7 8. d5
exd5 9. Nxd5 Nxd5 10. Bxd5 h6 11. Ne5 O-O 12. Qf3 Be6 13. Bxb7 Nd7 14. Nxd7
Bxd7 15. Bxa8 Qxa8 16. Qg3 Bf5 17. Bxh6 Bf6 18. c3 Re8 19. Rad1 Bg6 20. Bg5 Be5
21. Bf4 Bf6 22. Rfe1 Kf8 23. Rxe8+ Qxe8 24. Qh3 Kg8 25. Qd7 Qe2 26. Qd2 Qe4 27.
Bg5 Bxg5 28. Qxg5 f6 29. Qd5+ Qxd5 30. Rxd5 Bb1 31. Rxc5 Bxa2 32. Ra5 Bf7 33.
Rxa7 Bd5 34. b4 Bc4 35. Ra5 Kf8 36. Rc5 Bd3 37. b5 Ke7 38. b6 Ba6 39. Ra5 Bc8
40. Ra7+ Kf8 41. Ra8 Ke7 42. Rxc8 Kd7 1-0

[Event "17eme open Louviers"]
[Site "?"]
[Date "2013.11.11"]
[Round "6"]
[White "Roche, Jan-Francois"]
[Black "Saint-Gilles, Damien"]
[Result "0-1"]
[WhiteElo "1587"]
[BlackElo "1756"]
[PlyCount "118"]
[EventDate "2012.05.13"]
[SourceDate "2013.12.01"]

1. Nf3 Nf6 2. b3 d6 3. Bb2 Nbd7 4. d4 c5 5. e3 cxd4 6. exd4 g6 7. Bd3 Bg7 8.
O-O O-O 9. c4 Qa5 10. d5 Nc5 11. Bc2 Qc7 12. Re1 Re8 13. Nbd2 a6 14. a4 b6 15.
h3 Bb7 16. b4 Ncd7 17. Re3 e6 18. dxe6 fxe6 19. Qe2 e5 20. Ng5 d5 21. c5 bxc5
22. bxc5 d4 23. Bb3+ Bd5 24. Bxd5+ Nxd5 25. Rf3 Qc6 26. Qc4 Rf8 27. Raa3 Rab8
28. Nb3 Rxf3 29. Nxf3 Rb4 30. Qc2 Bf8 31. Na5 Qxc5 32. Qxc5 Nxc5 33. Bc1 Bg7
34. Bg5 Rxa4 35. Rxa4 Nxa4 36. Nc6 d3 37. Ncxe5 Nc5 38. Kf1 Bf6 39. Bd2 Ne4 40.
Ba5 d2 41. Bxd2 Nxd2+ 42. Ke2 Bxe5 43. Nxe5 Ne4 44. f3 Nc5 45. Kd2 Kf8 46. Kc2
Ke7 47. Nc6+ Kd6 48. Na5 Ne3+ 49. Kc3 Nxg2 50. Kd4 Ne6+ 51. Kc3 Ngf4 52. h4 h5
53. Kb4 Nc7 54. Nc4+ Kd5 55. Ne3+ Kd4 56. Nc4 Nd3+ 57. Kb3 Nc5+ 58. Kb4 Nd5+
59. Ka5 Kxc4 0-1

[Event "17eme open Louviers"]
[Site "?"]
[Date "2013.11.11"]
[Round "6"]
[White "Pineau, Patrick"]
[Black "Jolly, Arthur"]
[Result "1-0"]
[WhiteElo "1405"]
[BlackElo "1526"]
[PlyCount "41"]
[EventDate "2012.05.13"]
[SourceDate "2013.12.01"]

1. c4 e5 2. Nc3 b6 3. g3 Bb7 4. e4 Nf6 5. d3 Bc5 6. Be3 Bxe3 7. fxe3 O-O 8. Nf3
Nc6 9. Nd5 Re8 10. Bg2 d6 11. O-O Nxd5 12. cxd5 Ne7 13. Ng5 Rf8 14. Qh5 h6 15.
Nxf7 Qe8 16. Bh3 Bc8 17. Be6 Bxe6 18. dxe6 Nc6 19. Rf6 Nd8 20. Rxh6 Nxf7 21.
exf7+ 1-0

[Event "17eme open Louviers"]
[Site "?"]
[Date "2013.11.11"]
[Round "6"]
[White "Normand, Franck"]
[Black "Varigault, Nicole"]
[Result "0-1"]
[WhiteElo "1410"]
[BlackElo "1150"]
[PlyCount "70"]
[EventDate "2012.05.13"]
[SourceDate "2013.12.01"]

1. e4 d5 2. exd5 Nf6 3. Nc3 Nxd5 4. Nxd5 Qxd5 5. b3 Qe5+ 6. Be2 Qxa1 7. a4 Qf6
8. Nf3 Nc6 9. c3 Bg4 10. O-O e6 11. d4 Bd6 12. Bg5 Qg6 13. Be3 Bxf3 14. Bxf3
O-O 15. g3 e5 16. d5 Ne7 17. c4 b6 18. Kg2 f5 19. Bh5 Qf6 20. h4 f4 21. gxf4
exf4 22. Bd4 Be5 23. Bxe5 Qxe5 24. Bf3 Rad8 25. Rh1 Nf5 26. h5 Nd6 27. Rh4 Rf5
28. h6 g6 29. Kh3 Ne4 30. Bxe4 Qxe4 31. f3 Qe5 32. Qb1 Rg5 33. Qe4 Rg3+ 34. Kh2
Qb2+ 35. Kh1 Qg2# 0-1

[Event "17eme open Louviers"]
[Site "?"]
[Date "2013.11.11"]
[Round "6"]
[White "Marie, Isabelle"]
[Black "Voegele, Francois-Marie"]
[Result "0-1"]
[WhiteElo "1200"]
[BlackElo "1090"]
[PlyCount "114"]
[EventDate "2012.05.13"]
[SourceDate "2013.12.01"]

1. c4 c5 2. d4 e6 3. Nc3 Nf6 4. dxc5 Bxc5 5. e4 Nc6 6. Be3 Be7 7. Nf3 O-O 8. e5
Ne8 9. a3 d6 10. Qd2 dxe5 11. Qxd8 Bxd8 12. Be2 Nf6 13. O-O Bd7 14. Ne1 Be7 15.
f4 Rad8 16. fxe5 Ne8 17. Nf3 a6 18. g4 f6 19. Bd4 fxe5 20. Bxe5 Nxe5 21. Nxe5
Nf6 22. Nxd7 Nxd7 23. Rxf8+ Nxf8 24. Rd1 Nd7 25. Ne4 e5 26. b4 Nf6 27. Rxd8+
Bxd8 28. Nxf6+ Bxf6 29. Kf2 Bg5 30. Kf3 Bf4 31. h4 h6 32. h5 Kf8 33. b5 axb5
34. cxb5 b6 35. Ke4 Ke7 36. Kf5 Kf7 37. a4 Bg3 38. a5 bxa5 39. b6 e4 40. Kxe4
Ke6 41. Bc4+ Kd6 42. Kf5 Ke7 43. g5 hxg5 44. Kxg5 Kf8 45. h6 gxh6+ 46. Kxh6 Ke7
47. Kg5 Bh2 48. Kf5 Kd6 49. b7 Kc5 50. Ba6 a4 51. Kg4 Bd6 52. Bd3 a3 53. Bb1
Kb6 54. Kf3 Kc5 55. Ke2 Kb4 56. Kd2 Kb3 57. Bc2+ Kb2 0-1